000 00798nam a22002057a 4500
003 OSt
005 20241121171042.0
008 241121b |||||||| |||| 00| 0 eng d
040 _cCentral University Library
110 _aUniversity of Ghana Law Journal
245 _aThe Review of Ghana Law :
_cG. R. Woodman, B.A., LL.B., PH.D. (CAMB.)
_bVolume IX, 1972. A Look at Administrative Law Ghana /
260 _aAccra
_bFaculty of Law, University of Ghana
_c1972
300 _aviii, 212 pages. Vol. IX
_c28cm
500 _aThis Journal should be cited as (1972) 9 U.G.L.J.
650 _2Ghana Law
700 _aG. R. Woodman
_eChairman (General Editor)
700 _aS. K. Date-Bah
_eMember of Editorial Committee
700 _aG. F. A. Sawyerr
_eMember of Editorial Committee
942 _2lcc
_cBK
_n0
999 _c1409
_d1409